Manual on harmful marine microalgae
Spremljeno u:
| Format: | Knjiga |
|---|---|
| Jezik: | Undetermined |
| Izdano: |
Paris
UNESCO
1995
|
| Teme: | |
| Oznake: |
Dodaj oznaku
Bez oznaka, Budi prvi tko označuje ovaj zapis!
|
| Thư viện lưu trữ: | Trung tâm Học liệu Trường Đại học Cần Thơ |
|---|
| LEADER | 00565nam a2200181Ia 4500 | ||
|---|---|---|---|
| 001 | CTU_150147 | ||
| 008 | 210402s9999 xx 000 0 und d | ||
| 082 | |a 551.76 | ||
| 082 | |b M294 | ||
| 245 | 0 | |a Manual on harmful marine microalgae | |
| 245 | 0 | |c Edited by G. M. Hallegraeff, D.M. Anderson, A. D. Cembella ; Technical director: H.O. Enevoldsen | |
| 260 | |a Paris | ||
| 260 | |b UNESCO | ||
| 260 | |c 1995 | ||
| 650 | |a Marine phytoplankton,Toxic marine algae | ||
| 650 | |x Toxicology | ||
| 904 | |i Giang | ||
| 980 | |a Trung tâm Học liệu Trường Đại học Cần Thơ | ||